00970nas a2200229Ia 4500001001100000003000900011008004100020040001300061040001300074041001300087100004500100210001000145222001000155245008400165250001100249260004100260501008600301300001700387362003300404500026400437650003900701R455/G4364IT-RoPAU151124c99999999xx |||||||||||| ||und|| aIT-RoPAU cIT-RoPAU aITALIANO aPisarra PietrogCodice Aut. SPICS: 22366 aJESUS aJesus aJESUS, ANNO 22-N.06 (GIUGNO 2000)bAnno Domini 2000: la Crociata Degli Equivoci a1a ed. aALBA (CN)bPERIODICI SAN PAOLOc2000 bPaulus - SPICS - Società San Paolo EM (non-commercial uses only)cCopyright2015 a6 p. [82-87] aANNO 022, N.06 (GIUGNO 2000) aViaggio Alle Radici Spirituali della Modernità. Mito, Sogno, Utopia: Tutto Questo è Stata L'Epopea dei Cavalieri Cruce Signati, Pellegrini in Armi che Dall'Europa Partivano Alla Volta di Gerusalemme. Un Mito che Ha Lasciato Profonde Ferite Culturali e Pol aPASTORALEvPUBBLICAZIONE PERIODICA